[Event "GBR-ch 65+ 106th"]
[Site "Torquay"]
[Date "2019.08.03"]
[Round "6.19"]
[White "Ramage, Colin R"]
[Black "Skinner, Nicholas H"]
[Result "1/2-1/2"]
[WhiteElo "1798"]
[BlackElo "1905"]
[PlyCount "43"]
[EventDate "2019.07.29"]
[EventType "swiss"]
[EventRounds "7"]
[EventCountry "ENG"]
[SourceTitle "EXT 2021"]
[Source "ChessBase"]
[SourceDate "2020.10.23"]
[SourceVersion "1"]
[SourceVersionDate "2020.10.23"]
[SourceQuality "1"]

1. e4 c5 2. d4 cxd4 3. c3 d5 4. exd5 Qxd5 5. cxd4 Nc6 6. Nf3 e5 7. Nc3 Bb4 8. Bd2 Bxc3 9. Bxc3 e4 10. Ne5 Nxe5 11. dxe5 Ne7 12. Qxd5 Nxd5 13. Bb5+ Bd7 14. Bxd7+ Kxd7 15. 0-0-0 Ke6 16. Rhe1 Nxc3 17. bxc3 Rac8 18. Rxe4 Rxc3+ 19. Kb2 Rhc8 20. Re2 R3c5 21. Rd3 R8c7 22. f4 1/2-1/2

[Event "GBR-ch 65+ 106th"]
[Site "Torquay"]
[Date "2019.08.01"]
[Round "4.16"]
[White "Ramage, Colin R"]
[Black "Stimpson, Philip M"]
[Result "1/2-1/2"]
[WhiteElo "1798"]
[BlackElo "1935"]
[PlyCount "59"]
[EventDate "2019.07.29"]
[EventType "swiss"]
[EventRounds "7"]
[EventCountry "ENG"]
[SourceTitle "EXT 2021"]
[Source "ChessBase"]
[SourceDate "2020.10.23"]
[SourceVersion "1"]
[SourceVersionDate "2020.10.23"]
[SourceQuality "1"]

1. e4 e6 2. d4 d5 3. exd5 exd5 4. Nf3 Nf6 5. Bg5 Be7 6. Bd3 Be6 7. Nbd2 Nbd7 8. c3 c6 9. 0-0 0-0 10. Qc2 h6 11. Bh4 c5 12. Rfe1 Rc8 13. Bf5 Rc6 14. Bxe6 fxe6 15. dxc5 Bxc5 16. Nb3 Qb6 17. Rac1 Ne4 18. Nfd4 Rcc8 19. f3 Rf4 20. fxe4 Rxh4 21. Kh1 Bd6 22. Nf3 Rf4 23. exd5 e5 24. Re4 Rcf8 25. Rxf4 Rxf4 26. c4 Nc5 27. Nxc5 Bxc5 28. Re1 Bd4 29. Nxd4 Qxd4 30. Qd1 1/2-1/2

[Event "BCF-ch Seniors 65"]
[Site "Hull"]
[Date "2018.08.04"]
[Round "7"]
[White "Ramage, Colin R"]
[Black "Procter, Colin S"]
[Result "1/2-1/2"]
[WhiteElo "1802"]
[BlackElo "1780"]
[PlyCount "61"]
[EventDate "2018.07.29"]
[EventType "swiss"]
[EventRounds "7"]
[EventCountry "ENG"]
[SourceTitle "EXT 2021"]
[Source "ChessBase"]
[SourceDate "2020.10.23"]
[SourceVersion "1"]
[SourceVersionDate "2020.10.23"]
[SourceQuality "1"]

1. e4 g6 2. d4 Bg7 3. Bc4 d6 4. Nf3 Nf6 5. 0-0 0-0 6. Nc3 Nxe4 7. Nxe4 d5 8. Bd3 dxe4 9. Bxe4 c6 10. c3 Nd7 11. Re1 Nf6 12. Bd3 Qc7 13. Bg5 b6 14. Qe2 e6 15. Ne5 Nd7 16. Nxd7 Qxd7 17. Qe3 Bb7 18. Bh6 Rac8 19. Bxg7 Kxg7 20. Rad1 Qe7 21. f4 c5 22. f5 cxd4 23. Qxd4+ Qf6 24. Qxf6+ Kxf6 25. fxe6 fxe6 26. Be4 Bxe4 27. Rxe4 Rcd8 28. Red4 Rxd4 29. Rxd4 Ke7 30. g3 Rf5 31. Kg2 1/2-1/2

[Event "BCF-ch Seniors 65"]
[Site "Hull"]
[Date "2018.07.29"]
[Round "1"]
[White "Ramage, Colin R"]
[Black "Bimpson, Tom"]
[Result "0-1"]
[WhiteElo "1802"]
[BlackElo "1988"]
[PlyCount "122"]
[EventDate "2018.07.29"]
[EventType "swiss"]
[EventRounds "7"]
[EventCountry "ENG"]
[SourceTitle "CBM 185 Extra"]
[Source "ChessBase"]
[SourceDate "2018.07.29"]
[SourceVersion "1"]
[SourceVersionDate "2018.07.29"]
[SourceQuality "1"]

1. e4 d6 2. d4 Nf6 3. Nc3 Nbd7 4. f4 e5 5. Nf3 exd4 6. Qxd4 c6 7. Bc4 d5 8. exd5 Bc5 9. Qd3 0-0 10. dxc6 bxc6 11. Bd2 Ng4 12. 0-0-0 Nf2 13. Qe2 Nxh1 14. Rxh1 Nf6 15. Ne5 Qc7 16. g4 Bb7 17. g5 Nd5 18. Ne4 Bd6 19. Nxd6 Qxd6 20. h4 Nb6 21. Bd3 c5 22. Rg1 Rac8 23. h5 f6 24. gxf6 Rxf6 25. Ng4 Rxf4 26. Bxf4 Qxf4+ 27. Kb1 c4 28. Qe6+ Kh8 29. Rf1 Bf3 30. Ne5 cxd3 31. Nf7+ Kg8 32. Ne5+ Kh8 33. cxd3 Qf6 34. Nf7+ Kg8 35. Nh6+ Kf8 36. Qxf6+ gxf6 37. Rxf3 Nd7 38. Rg3 Rc5 39. Rg8+ Ke7 40. Rg7+ Ke6 41. Ng4 Rg5 42. Rxg5 fxg5 43. Ne3 Nf6 44. h6 Ng8 45. d4 Nxh6 46. Kc2 Nf7 47. Kd3 h5 48. b4 Nd6 49. a4 g4 50. Ng2 Kf5 51. Ke3 Nc4+ 52. Kf2 Kg5 53. Kg3 Nd6 54. d5 Ne4+ 55. Kh2 h4 56. a5 g3+ 57. Kg1 h3 58. Ne3 h2+ 59. Kg2 Nf2 60. Kxg3 h1Q 61. Kxf2 Qh4+ 0-1

[Event "GBR-ch Morning op 104th"]
[Site "Llandudno"]
[Date "2017.08.03"]
[Round "4"]
[White "McDonagh, Michael"]
[Black "Ramage, Colin R"]
[Result "1-0"]
[WhiteElo "1910"]
[BlackElo "1836"]
[PlyCount "69"]
[EventDate "2017.07.31"]
[EventType "swiss"]
[EventRounds "5"]
[EventCountry "WLS"]
[SourceTitle "EXT 2018"]
[Source "ChessBase"]
[SourceDate "2017.10.13"]
[SourceVersion "1"]
[SourceVersionDate "2017.10.13"]
[SourceQuality "1"]

1. c4 e5 2. g3 Nf6 3. Bg2 Nc6 4. Nc3 Bc5 5. a3 d6 6. e3 0-0 7. Nge2 Bg4 8. h3 Bf5 9. d4 exd4 10. exd4 Bb6 11. g4 Bg6 12. 0-0 Re8 13. b4 a5 14. b5 Ne7 15. Bxb7 Rb8 16. Bg2 Qd7 17. Be3 c5 18. dxc5 dxc5 19. Nf4 Qc7 20. g5 Nd7 21. Nfd5 Nxd5 22. Nxd5 Qd8 23. f4 Be4 24. Bxe4 Rxe4 25. Qd3 Qe8 26. Rae1 f5 27. Bd2 Nf8 28. Nxb6 Rxb6 29. Bxa5 Rbe6 30. Rxe4 Rxe4 31. Qd5+ Kh8 32. Bc3 Ng6 33. Qxf5 Rxc4 34. Re1 Qb8 35. Qf7 1-0

[Event "GBR-ch Morning op 104th"]
[Site "Llandudno"]
[Date "2017.08.01"]
[Round "2"]
[White "Al Khateeb, Taher"]
[Black "Ramage, Colin R"]
[Result "1-0"]
[WhiteElo "2015"]
[BlackElo "1836"]
[PlyCount "73"]
[EventDate "2017.07.31"]
[EventType "swiss"]
[EventRounds "5"]
[EventCountry "WLS"]
[SourceTitle "EXT 2018"]
[Source "ChessBase"]
[SourceDate "2017.10.13"]
[SourceVersion "1"]
[SourceVersionDate "2017.10.13"]
[SourceQuality "1"]

1. d4 d5 2. Bg5 c5 3. dxc5 f6 4. Bh4 e5 5. b4 Be6 6. c3 Nh6 7. e3 Be7 8. Bb5+ Nc6 9. Ne2 0-0 10. 0-0 Nf5 11. Bg3 Qc8 12. Nd2 Rd8 13. Nb3 b6 14. cxb6 axb6 15. a3 Nxg3 16. hxg3 Na7 17. Bd3 e4 18. Bc2 Nb5 19. Nbd4 Bd7 20. Bb3 Be8 21. Qc1 Nxd4 22. Nxd4 Ra7 23. Qc2 Rc7 24. Qxe4 Bf7 25. Qc2 Rxc3 26. Qb2 Bd6 27. Rac1 Rxc1 28. Rxc1 Qa6 29. Nc6 Ra8 30. a4 Qb7 31. Qd4 Kh8 32. Bxd5 Be5 33. Qe4 Rxa4 34. Nxe5 Bxd5 35. Qxd5 Qxd5 36. Rc8+ Qg8 37. Nf7# 1-0

[Event "GBR-ch U2050 op 104th"]
[Site "Llandudno"]
[Date "2017.08.01"]
[Round "2"]
[White "Ramage, Colin R"]
[Black "Shengold, Jeffrey"]
[Result "1-0"]
[WhiteElo "1836"]
[BlackElo "1509"]
[PlyCount "73"]
[EventDate "2017.07.31"]
[EventType "swiss"]
[EventRounds "5"]
[EventCountry "WLS"]
[SourceTitle "EXT 2019"]
[Source "ChessBase"]
[SourceDate "2018.10.10"]
[SourceVersion "1"]
[SourceVersionDate "2018.10.10"]
[SourceQuality "1"]

1. e4 e5 2. d4 exd4 3. c3 d5 4. exd5 Nf6 5. Nf3 Bg4 6. Be2 Qxd5 7. cxd4 Nc6 8. 0-0 0-0-0 9. Nc3 Qh5 10. Bf4 Bd6 11. Bg3 Bxg3 12. fxg3 Rhe8 13. Qb3 Ne4 14. Rae1 Nd2 15. Nxd2 Bxe2 16. Qxf7 Qh6 17. Nf3 Rf8 18. Qxf8 Rxf8 19. Rxe2 Qf6 20. Nd2 Qxd4+ 21. Kh1 Rxf1+ 22. Nxf1 Ne5 23. h3 Nd3 24. Rd2 Nf2+ 25. Kh2 Qf6 26. Kg1 Nh1 27. Ne4 Qg6 28. Re2 Qa6 29. Re1 Nxg3 30. Nfxg3 Qxa2 31. Re2 Qb1+ 32. Kh2 Qd3 33. Rf2 c6 34. Rf8+ Kc7 35. Rf7+ Kb6 36. Rxb7+ Ka5 37. b4+ 1-0

[Event "BCF-ch Week2 AM op"]
[Site "Bournemouth"]
[Date "2016.08.03"]
[Round "3"]
[White "Calderon, Paul"]
[Black "Ramage, Colin R"]
[Result "1-0"]
[WhiteElo "1828"]
[BlackElo "1924"]
[PlyCount "135"]
[EventDate "2016.08.01"]
[EventType "swiss"]
[EventRounds "5"]
[EventCountry "ENG"]
[SourceTitle "CBM 173 Extra"]
[Source "ChessBase"]
[SourceDate "2016.08.29"]
[SourceVersion "1"]
[SourceVersionDate "2016.08.29"]
[SourceQuality "1"]

1. c4 e5 2. g3 Nf6 3. Bg2 Bc5 4. Nc3 Nc6 5. a3 d6 6. e3 Bg4 7. Nge2 Qd7 8. 0-0 Bh3 9. d4 Bxg2 10. Kxg2 exd4 11. exd4 Bb6 12. b4 a6 13. Be3 0-0 14. h3 Rfe8 15. c5 dxc5 16. dxc5 Qxd1 17. Rfxd1 Ba7 18. Nf4 Rad8 19. Nfd5 Nxd5 20. Nxd5 Bb8 21. Bf4 Rc8 22. Re1 Rxe1 23. Rxe1 Kf8 24. Re4 f6 25. h4 Ne5 26. Bxe5 fxe5 27. Rxe5 c6 28. Rf5+ Ke8 29. Nb6 Rd8 30. Rf3 Rd4 31. Re3+ Kd8 32. Kf3 Bc7 33. Ke2 Bxb6 34. cxb6 Rc4 35. Kd3 Rc1 36. Kd4 Kd7 37. Rc3 Re1 38. f4 Kd6 39. Re3 Rd1+ 40. Ke4 Ke6 41. f5+ Kf6 42. g4 h6 43. Kf4 Rf1+ 44. Rf3 Rd1 45. g5+ hxg5+ 46. hxg5+ Kf7 47. Ke4 Re1+ 48. Kd4 Rd1+ 49. Rd3 Rg1 50. Ke5 Ke8 51. Kd6 Kd8 52. Ke6+ Ke8 53. Rh3 Re1+ 54. Kd6 Rd1+ 55. Kc7 Rd7+ 56. Kb8 Ke7 57. Rh8 Kd6 58. Rc8 Rf7 59. Rc7 Rxf5 60. Rxg7 a5 61. Kxb7 axb4 62. axb4 Rb5 63. Rg6+ Kd7 64. Rxc6 Rxg5 65. Rc7+ Kd8 66. Ka7 Rb5 67. Rc4 Rd5 68. b7 1-0

[Event "BCF-ch Week2 AM op"]
[Site "Bournemouth"]
[Date "2016.08.02"]
[Round "2"]
[White "Ramage, Colin R"]
[Black "Bullen, Alex"]
[Result "0-1"]
[WhiteElo "1924"]
[BlackElo "2045"]
[PlyCount "106"]
[EventDate "2016.08.01"]
[EventType "swiss"]
[EventRounds "5"]
[EventCountry "ENG"]
[SourceTitle "CBM 173 Extra"]
[Source "ChessBase"]
[SourceDate "2016.08.29"]
[SourceVersion "1"]
[SourceVersionDate "2016.08.29"]
[SourceQuality "1"]

1. e4 c6 2. d4 d5 3. Nc3 dxe4 4. f3 exf3 5. Nxf3 Nf6 6. Bc4 Bf5 7. 0-0 e6 8. Ne5 Bg6 9. Bg5 Be7 10. Qd2 0-0 11. Rae1 Nbd7 12. Nxg6 hxg6 13. Rf3 Nb6 14. Bb3 c5 15. dxc5 Bxc5+ 16. Kh1 Qxd2 17. Bxd2 Nbd5 18. Nxd5 exd5 19. Bg5 Ne4 20. Be3 Rad8 21. Bxc5 Nxc5 22. Kg1 Rd7 23. Rfe3 b6 24. Re7 Rfd8 25. Re8+ Rxe8 26. Rxe8+ Kh7 27. Kf2 g5 28. Re5 Nxb3 29. axb3 f6 30. Rf5 Kg6 31. g4 Kf7 32. Ke3 Re7+ 33. Kd4 Re4+ 34. Kxd5 Rxg4 35. Rf2 Kg6 36. Kc6 Re4 37. c4 f5 38. Kd5 a5 39. Kc6 Re6+ 40. Kd5 Re3 41. b4 axb4 42. Kc6 Re6+ 43. Kb5 b3 44. Kb4 f4 45. Kxb3 Re3+ 46. Kb4 f3 47. c5 bxc5+ 48. Kxc5 g4 49. b4 Re2 50. Rf1 Rxh2 51. b5 f2 52. b6 g3 53. b7 Rh8 0-1

[Event "BCF-ch Week2 PM op"]
[Site "Bournemouth"]
[Date "2016.08.01"]
[Round "1"]
[White "Watson, Jacob"]
[Black "Ramage, Colin R"]
[Result "0-1"]
[WhiteElo "1572"]
[BlackElo "1924"]
[PlyCount "44"]
[EventDate "2016.08.01"]
[EventType "swiss"]
[EventRounds "5"]
[EventCountry "ENG"]
[SourceTitle "CBM 173 Extra"]
[Source "ChessBase"]
[SourceDate "2016.08.29"]
[SourceVersion "1"]
[SourceVersionDate "2016.08.29"]
[SourceQuality "1"]

1. e4 e5 2. Nf3 f5 3. Bc4 b5 4. Bxb5 fxe4 5. Nxe5 Qg5 6. d4 Qxg2 7. Rf1 Nf6 8. Bf4 Be7 9. Nc3 c6 10. Be2 0-0 11. Qd2 d6 12. Bc4+ d5 13. Nxc6 Nxc6 14. Nxd5 Nxd5 15. Bxd5+ Kh8 16. Bxc6 Ba6 17. 0-0-0 Bxf1 18. Bxa8 Rxf4 19. Qc3 Rxf2 20. Rd2 Be2 21. Rxe2 Qg5+ 22. Kb1 Rxe2 0-1

[Event "BCF-ch Week2 PM op"]
[Site "Coventry"]
[Date "2015.08.06"]
[Round "4"]
[White "Davison, Chris"]
[Black "Ramage, Colin R"]
[Result "1-0"]
[WhiteElo "1870"]
[BlackElo "1908"]
[PlyCount "83"]
[EventDate "2015.08.03"]
[EventType "swiss"]
[EventRounds "5"]
[EventCountry "ENG"]
[SourceTitle "CBM 167 Extra"]
[Source "ChessBase"]
[SourceDate "2015.09.14"]
[SourceVersion "1"]
[SourceVersionDate "2015.09.14"]
[SourceQuality "1"]

1. Nf3 d5 2. g3 c5 3. Bg2 Nf6 4. d3 Nc6 5. 0-0 e5 6. h3 Bd6 7. e4 d4 8. a4 0-0 9. Na3 Be6 10. Ng5 Bd7 11. Nc4 Be7 12. f4 h6 13. fxe5 hxg5 14. exf6 Bxf6 15. Qh5 Qe7 16. Bd2 Ne5 17. b3 Nxc4 18. bxc4 Qe5 19. Kh2 Rac8 20. Bf3 Rc6 21. Bg4 g6 22. Qh6 Bxg4 23. hxg4 Be7 24. Kg2 Qh8 25. Bxg5 Qxh6 26. Bxh6 Rd8 27. Bf4 g5 28. Bd2 f6 29. a5 Bd6 30. Rxf6 Be7 31. Rxc6 bxc6 32. Rb1 Rd7 33. a6 Kf7 34. e5 Ke6 35. Rb7 Bd8 36. Rxd7 Kxd7 37. Kf3 Ke6 38. Ke4 Be7 39. Ba5 Bf8 40. Bb6 Bg7 41. Bxa7 Bxe5 42. Bxc5 1-0

[Event "BCF-ch Week2 PM op"]
[Site "Coventry"]
[Date "2015.08.05"]
[Round "3"]
[White "Ramage, Colin R"]
[Black "Tokeley, Rob"]
[Result "1-0"]
[WhiteElo "1908"]
[BlackElo "1809"]
[PlyCount "55"]
[EventDate "2015.08.03"]
[EventType "swiss"]
[EventRounds "5"]
[EventCountry "ENG"]
[SourceTitle "CBM 167 Extra"]
[Source "ChessBase"]
[SourceDate "2015.09.14"]
[SourceVersion "1"]
[SourceVersionDate "2015.09.14"]
[SourceQuality "1"]

1. e4 c6 2. d4 d5 3. Nc3 dxe4 4. f3 e5 5. d5 Bb4 6. Bc4 Qa5 7. Nge2 Nf6 8. a3 cxd5 9. axb4 Qxa1 10. Bxd5 Nxd5 11. Nxd5 Na6 12. fxe4 0-0 13. 0-0 Bg4 14. h3 Bh5 15. Qd3 Qa4 16. Rf5 Bxe2 17. Qxe2 Nxb4 18. Nf6+ Kh8 19. Rh5 gxf6 20. Rxh7+ Kxh7 21. Qh5+ Kg8 22. Bh6 Qd7 23. Qh4 Qd1+ 24. Kh2 Kh7 25. Bg5+ Kg7 26. Bxf6+ Kg6 27. Qg5+ Kh7 28. Qg7# 1-0

[Event "BCF-ch Week2 PM op"]
[Site "Coventry"]
[Date "2015.08.04"]
[Round "2"]
[White "Cocks, Elliot"]
[Black "Ramage, Colin R"]
[Result "0-1"]
[WhiteElo "1780"]
[BlackElo "1908"]
[PlyCount "60"]
[EventDate "2015.08.03"]
[EventType "swiss"]
[EventRounds "5"]
[EventCountry "ENG"]
[SourceTitle "CBM 167 Extra"]
[Source "ChessBase"]
[SourceDate "2015.09.14"]
[SourceVersion "1"]
[SourceVersionDate "2015.09.14"]
[SourceQuality "1"]

1. d4 d5 2. c4 e6 3. Nc3 c5 4. cxd5 cxd4 5. Qa4+ Bd7 6. Qxd4 exd5 7. Qxd5 Nc6 8. Nf3 Nf6 9. Qd1 Bb4 10. Bd2 Qa5 11. e3 Rd8 12. Bc4 0-0 13. Qe2 Bg4 14. 0-0-0 Ne5 15. a3 Bxa3 16. Nd5 Bxb2+ 17. Kxb2 Nxc4+ 18. Qxc4 Qxd5 19. Qa4 Bxf3 20. gxf3 Qxf3 21. Qa5 Rd5 22. Qc3 Ne4 23. Qb4 Rxd2+ 24. Rxd2 Nxd2 25. Rc1 Qxf2 26. Rc2 Qf6+ 27. Ka2 Qe6+ 28. Kb2 Ne4 29. Qxb7 Qb6+ 30. Qxb6 axb6 0-1

[Event "BCF-ch Week2 AM op"]
[Site "Coventry"]
[Date "2015.08.04"]
[Round "2"]
[White "Ramage, Colin R"]
[Black "Collins, Peter M"]
[Result "1/2-1/2"]
[WhiteElo "1908"]
[BlackElo "2002"]
[PlyCount "55"]
[EventDate "2015.08.03"]
[EventType "swiss"]
[EventRounds "5"]
[EventCountry "ENG"]
[SourceTitle "CBM 167 Extra"]
[Source "ChessBase"]
[SourceDate "2015.09.14"]
[SourceVersion "1"]
[SourceVersionDate "2015.09.14"]
[SourceQuality "1"]

1. e4 e6 2. d4 d5 3. Be3 dxe4 4. Nd2 Nf6 5. f3 exf3 6. Ngxf3 Be7 7. Bd3 b6 8. 0-0 Bb7 9. Ne5 c6 10. Ne4 Nbd7 11. Ng5 Nxe5 12. dxe5 Nd5 13. Nxf7 Nxe3 14. Nxd8 Nxd1 15. Nxb7 Nxb2 16. Be2 Na4 17. Bf3 Rc8 18. Rad1 0-0 19. Rd7 Bc5+ 20. Nxc5 Nxc5 21. Rxa7 Ra8 22. Rxa8 Rxa8 23. Bxc6 Rxa2 24. Be8 g6 25. Rb1 Rxc2 26. Rxb6 Re2 27. Rb8 Kg7 28. Rc8 1/2-1/2

[Event "BCF-ch Week2 PM op"]
[Site "Aberystwyth"]
[Date "2014.07.31"]
[Round "4"]
[White "Ramage, Colin R"]
[Black "Bryant, Richard BE"]
[Result "1-0"]
[WhiteElo "1970"]
[BlackElo "1917"]
[PlyCount "33"]
[EventDate "2014.07.28"]
[EventType "swiss"]
[EventRounds "5"]
[EventCountry "WLS"]
[SourceTitle "EXT 2017"]
[Source "ChessBase"]
[SourceDate "2016.10.25"]
[SourceVersion "1"]
[SourceVersionDate "2016.10.25"]
[SourceQuality "1"]

1. e4 e6 2. d4 d5 3. Be3 dxe4 4. Nd2 Nf6 5. f3 exf3 6. Ngxf3 Nbd7 7. Bd3 Nd5 8. Qe2 Nxe3 9. Qxe3 Nf6 10. 0-0 c6 11. Ne5 Be7 12. Ne4 h6 13. c3 0-0 14. Nxf6+ Bxf6 15. Qe4 g6 16. Nxg6 Re8 17. Ne5 1-0

[Event "BCF-ch Week2 PM op"]
[Site "Aberystwyth"]
[Date "2014.07.29"]
[Round "3"]
[White "Coward, Neil"]
[Black "Ramage, Colin R"]
[Result "1-0"]
[WhiteElo "1834"]
[BlackElo "1970"]
[PlyCount "51"]
[EventDate "2014.07.28"]
[EventType "swiss"]
[EventRounds "5"]
[EventCountry "WLS"]
[SourceTitle "EXT 2017"]
[Source "ChessBase"]
[SourceDate "2016.10.25"]
[SourceVersion "1"]
[SourceVersionDate "2016.10.25"]
[SourceQuality "1"]

1. e4 e5 2. Nf3 f5 3. Nc3 Nc6 4. Bc4 Nf6 5. d3 Bc5 6. 0-0 Qe7 7. Nd5 Nxd5 8. exd5 Na5 9. a3 Bd6 10. Ba2 b6 11. Re1 h6 12. Nxe5 Bxe5 13. d4 d6 14. dxe5 0-0 15. Bd2 Kh8 16. exd6 Qh4 17. dxc7 f4 18. Qf3 Bg4 19. Qe4 f3 20. Qe5 fxg2 21. Qg3 Qf6 22. Bc3 Qf5 23. d6 Nb7 24. Be6 Qxc2 25. Bxg4 Nxd6 26. Bxg7+ 1-0

[Event "BCF-ch Week2 PM op"]
[Site "Aberystwyth"]
[Date "2014.07.29"]
[Round "2"]
[White "Ramage, Colin R"]
[Black "Pride, Stephen C"]
[Result "1-0"]
[WhiteElo "1970"]
[BlackElo "1766"]
[PlyCount "43"]
[EventDate "2014.07.28"]
[EventType "swiss"]
[EventRounds "5"]
[EventCountry "WLS"]
[SourceTitle "EXT 2017"]
[Source "ChessBase"]
[SourceDate "2016.10.25"]
[SourceVersion "1"]
[SourceVersionDate "2016.10.25"]
[SourceQuality "1"]

1. e4 d6 2. d4 Nf6 3. Nc3 Nc6 4. d5 Nb8 5. f4 c6 6. Nf3 cxd5 7. exd5 g6 8. Bd3 Bg7 9. 0-0 0-0 10. f5 Na6 11. fxg6 hxg6 12. Ng5 Nc5 13. Be2 Bf5 14. Qe1 Nce4 15. Ncxe4 Nxe4 16. Qh4 Nxg5 17. Bxg5 f6 18. Be3 Qa5 19. c4 Qc7 20. Rxf5 gxf5 21. Bd3 f4 22. Qh7+ 1-0

[Event "BCF-ch 5-day op AM Week 2"]
[Site "Torquay"]
[Date "2013.08.07"]
[Round "3"]
[White "Hibbitt, Arthur M"]
[Black "Ramage, Colin R"]
[Result "1/2-1/2"]
[WhiteElo "1874"]
[BlackElo "2026"]
[PlyCount "59"]
[EventDate "2013.08.05"]
[EventType "swiss"]
[EventRounds "5"]
[EventCountry "ENG"]
[SourceTitle "EXT 2023"]
[Source "ChessBase"]
[SourceDate "2022.10.05"]
[SourceVersion "1"]
[SourceVersionDate "2022.10.05"]
[SourceQuality "1"]

1. g3 e5 2. Bg2 Nf6 3. c4 Nc6 4. a3 Be7 5. Nc3 0-0 6. d3 d6 7. Nf3 Bg4 8. 0-0 Qd7 9. b4 Rab8 10. Qc2 Rfd8 11. e3 Bh3 12. Bb2 Bxg2 13. Kxg2 Re8 14. Rac1 Bd8 15. Rfd1 Qf5 16. Nd5 Nxd5 17. cxd5 Ne7 18. e4 Qd7 19. d4 Ng6 20. dxe5 dxe5 21. h3 f6 22. Qc5 a6 23. d6 c6 24. Nd2 Nf8 25. Nb3 Kh8 26. Qa7 Ne6 27. Nc5 Nxc5 28. Qxc5 Re6 29. a4 h6 30. Ba3 1/2-1/2

[Event "BCF-ch 5-day op AM Week 2"]
[Site "Torquay"]
[Date "2013.08.05"]
[Round "1"]
[White "Grant, David"]
[Black "Ramage, Colin R"]
[Result "1-0"]
[WhiteElo "1863"]
[BlackElo "2026"]
[PlyCount "147"]
[EventDate "2013.08.05"]
[EventType "swiss"]
[EventRounds "5"]
[EventCountry "ENG"]
[SourceTitle "EXT 2023"]
[Source "ChessBase"]
[SourceDate "2022.10.05"]
[SourceVersion "1"]
[SourceVersionDate "2022.10.05"]
[SourceQuality "1"]

1. e4 e5 2. Nc3 Nf6 3. g3 Bc5 4. Bg2 d6 5. Na4 Nc6 6. d3 Bg4 7. f3 Bd7 8. Nxc5 dxc5 9. b3 Qe7 10. Ne2 0-0 11. 0-0 Rfd8 12. Ba3 b6 13. Qe1 a5 14. h3 a4 15. Kh2 axb3 16. axb3 Ra5 17. f4 Rda8 18. Bb2 Rxa1 19. Bxa1 Nd4 20. Bxd4 cxd4 21. fxe5 Qxe5 22. Qf2 c5 23. Qf4 Qxf4 24. Nxf4 Ra2 25. Rf2 g5 26. e5 Ng4+ 27. hxg4 gxf4 28. Bf3 Be6 29. Kg2 fxg3 30. Kxg3 Kg7 31. Be4 h6 32. Kf3 f6 33. exf6+ Kxf6 34. Bf5 Bxf5 35. Kg3 Ke6 36. gxf5+ Kf6 37. Kf4 Ra1 38. Rh2 Rf1+ 39. Ke4 Re1+ 40. Kd5 Kxf5 41. Rxh6 Re2 42. Rxb6 Rxc2 43. Rc6 Kf4 44. Rxc5 Rb2 45. Kc4 Ke3 46. Re5+ Kd2 47. Rh5 Ke3 48. Rh3+ Kf4 49. Rh4+ Ke5 50. Re4+ Kd6 51. Rxd4+ Kc6 52. Rh4 Rc2+ 53. Kd4 Kb5 54. Rh8 Rg2 55. Rb8+ Kc6 56. b4 Rg4+ 57. Kc3 Kc7 58. Rb5 Kc6 59. Rc5+ Kb6 60. d4 Rg1 61. Kc4 Rb1 62. d5 Rc1+ 63. Kd4 Rb1 64. d6 Rxb4+ 65. Kd5 Rb1 66. Rc2 Rd1+ 67. Ke6 Re1+ 68. Kf7 Kb7 69. Rc7+ Kb6 70. Rc8 Kb7 71. d7 Rf1+ 72. Ke6 Re1+ 73. Kf5 Rf1+ 74. Ke4 1-0